LEADER 01258nam a2200277 a 4500 001 000000133331 003 CaOOAMICUS 005 20130326140028.0 008 130326s1998 it afb u000 u ita r 020 $z88-425-2431-X* 040 $aPUL$bita 100 1 $aJacobelli, Jader,$cO.I.M.,$d1918-$0(OLS)http://pul/name/40898 245 10$aMachiavelli e/o Guicciardini :$balle radici del realismo politico /$cJader Jacobelli. 260 $aMilano :$bMursia,$c©1998. 300 $a262 p., [6] c. di tav. :$bill., c. geogr. ;$c22 cm 504 $aBibliografia e indici in appendice. 600 14$aMachiavelli, Niccolò,$d1469-1527$xPensiero politico e sociale.$0(OLS)http://pul/subject/30035 600 14$aGuicciardini, Francesco,$d1483-1540xPensiero politico e sociale.$0(OLS)http://pul/subject/39464 850 $aPUL 852 $aPUL$W1$xDP1 Fondo E. Rossi$y115$m1 J 7$j153235$qFondi$B152786$CPULBib$Z2$F152786 $82 941 1 $a1 961 $aSul dorso collocazione ms. di E. Rossi: J 7 996 $6020$z88-425-2431-X*$9(OLS)http://pul/number/152250 996 $6245$aMachiavelli e/o Guicciardini :$balle radici del realismo politico$9(OLS)http://pul/title/168490 996 $6260$aMilano :$bMursia$9(OLS)http://pul/publisher/52430 LEADER 01474nam a2200337 a 4500 001 000000133723 003 CaOOAMICUS 005 20130506094303.0 008 130506m20129999it ae u000 u ita r 020 $a978-88-492-2222-7 (v. 1) 040 $aPUL$bita 082 04$a724 245 02$aL'altra modernità nella cultura architettonica del XX secolo. 260 $aRoma :$bGangemi,$c2012- 300 $a2 v. :$bill., piante ;$c30 cm 490 1 $aPresenze 504 $aBibliografia in nota. 505 1 $aV. 1. Progetto e città nell'architettura italiana / a cura di Laura Marcucci. 650 4$aArchitettura$zItalia$ySec. XX.$0(OLS)http://pul/subject/27243 700 1 $aMarcucci, Laura.$0(OLS)http://pul/name/86141 740 02$aProgetto e città nell'architettura italiana. 830 0$aPresenze (Gangemi).$0(OLS)http://pul/title/169028 850 $aPUL 852 $aPUL$W1$xDP2 Cons. Gen., Altre Classi 3$y97$m724 MARLA 1$j153698$qDDC 21$q$av. 1$B153267$CPULBib$Z2$F153267 $H122287 $81 941 1 $a9 996 $6020$a978-88-492-2222-7 (v. 1)$9(OLS)http://pul/number/152563 996 $6082$a724$9(OLS)http://pul/classification/2355 996 $6245$aL'altra modernità nella cultura architettonica del XX secolo$9(OLS)http://pul/title/169027 996 $6740$aProgetto e città nell'architettura italiana$9(OLS)http://pul/title/169029 996 $6260$aRoma :$bGangemi$9(OLS)http://pul/publisher/62108